MARC

LEADER 00000nam0a2200000 4500
001 231383
005 20231101231059.0
035 |a (RuTPU)RU\TPU\book\252402 
090 |a 231383 
100 |a 20130131d1975 m y0rusy50 ca 
101 0 |a rus 
102 |a RU 
105 |a a z 001zy 
200 1 |a Эвтектические композиции  |f А. И. Сомов, М. А. Тихоновский 
210 |a Москва  |c Металлургия  |d 1975 
215 |a 304 с.  |c ил. 
320 |a Библиогр.: с. 287-303. 
606 1 |a Сплавы эвтектические  |x Структура  |2 stltpush  |3 (RuTPU)RU\TPU\subj\55987  |9 73938 
610 1 |a композиционные материалы 
610 1 |a применение 
610 1 |a эвтектики 
610 1 |a эвтектические композиции 
610 1 |a схемы 
610 1 |a колонии 
610 1 |a рост 
610 1 |a фазовые превращения 
610 1 |a ориентационные соотношения 
610 1 |a механические свойства 
610 1 |a физические свойства 
675 |a 669.017.11  |v 3 
700 1 |a Сомов  |b А. И.  |g Александр Иванович 
701 1 |a Тихоновский  |b М. А.  |g Михаил Андреевич 
801 1 |a RU  |b 63413507  |c 20130131 
801 2 |a RU  |b 63413507  |c 20130419  |g RCR 
942 |c BK